LEADER 00984nam a2200277 i 4500 001 000000245986 003 CaOOAMICUS 005 20240405160811.0 008 151021s1996 it u000 u ita u 013 $a224891 020 $a88-372-0702-6 040 $aSeMil$bita 100 1 $aBernanos, Georges,$d<1888-1948>.$0(OLS)http://semarc/name/9030 245 10$aDialoghi delle carmelitane /$cGeorges Bernanos. 250 $a14. ed. 260 $aBrescia :$bMorcelliana,$cstampa 1996. 300 $a206 p. ;$c20 cm. 490 0 $aReprints 830 0$aReprints.$0(OLS)http://semarc/title/24983 850 $aSeMil 852 $aSeMil$W1$xVenegono$y1$m1S III 75/A$j196332$B196332$CSeMilBibl$Z2$F207511 $81 961 $aOmaggio: Altro 996 $6020$a88-372-0702-6$9(OLS)http://semarc/number/254756 996 $6245$aDialoghi delle carmelitane$9(OLS)http://semarc/title/48655 996 $6260$aBrescia :$bMorcelliana$9(OLS)http://semarc/publisher/29629 LEADER 01085nam a2200277 i 4500 001 000000210591 003 CaOOAMICUS 005 20120208000000.0 008 120208s2008 it u000 u ita u 013 $a189404 040 $aSeMil$bita 100 1 $aMaffeis, Daniele.$0(OLS)http://semarc/name/7890 245 10$a[Partitura]. 300 $a207 p. :$b[1] p. di rit. 500 $aDono del card. Dionigi Tettamanzi. 600 04$aPio XI .$0(OLS)http://semarc/subject/2399 700 1 $aOberti, Luca.$0(OLS)http://semarc/name/7892 700 1 $aPalestra, Ambrogio,$c.$0(OLS)http://semarc/name/7891 773 0 $aMaffeis, Daniele$tOpera omnia.$dBergamo : Ed. Carrara, [200?]$gVolume15$w()17231 773 0 $tOperette.$w()17242 773 0 $aMaffeis, Daniele$tMortulaghi.$dBergamo : Ed. Carrara, 2008.$w()26192 850 $aSeMil 852 $aSeMil$W1$xVenegono$y1$m3Q VI 57$j161038$B161038$CSeMilBibl$Z2$F172324 $81 941 1 $a5 961 $aOmaggio: Tettamanzi Card. Dionigi 996 $6245$a[Partitura]$9(OLS)http://semarc/title/140191